The Kill - Thirty Seconds To Mars - All Lyrics - Statistics

General Stats
  • This quiz has been taken 42 times
  • The average score is 202 of 230
Answer Stats
Answer % Correct
do?
100%
do,
100%
I
100%
I,
100%
me
100%
me,
100%
a
97%
Bury
97%
bury
97%
down
97%
down,
97%
Oh-oh,
97%
oh-oh
97%
(Whoa)
97%
you
97%
You
97%
you,
97%
(You
97%
you)
97%
am
93%
if
93%
to
93%
wanted
93%
What
93%
(What
93%
what
93%
who
93%
life
90%
my
90%
with
90%
would
90%
your
90%
all
87%
All
87%
break?
87%
break
87%
for
87%
for?
87%
for?)
87%
in
87%
of
87%
fight
83%
finished
83%
from
83%
rest
83%
say
83%
the
83%
this
83%
Come
80%
I’m
80%
(I'm
80%
it
80%
killin'
80%
not
80%
take
80%
was
80%
are
77%
eyes
77%
more
77%
more)
77%
really
77%
running
77%
You’re
77%
face
73%
is
73%
Laugh
73%
waiting
73%
anymore
70%
be
70%
fell
70%
know
70%
off
70%
Couldn’t
67%
else,
67%
floor?
67%
Look
67%
now,
67%
but
63%
change
63%
nothin'
63%
someone
63%
myself,
60%
seemed
60%
tried
60%
Beg
57%
chance
53%
inside
43%
found
40%
fighting
33%
Finally
33%
No matching quizzes found
Score Distribution
Percent of People with Each Score
Percentile by Number Answered
Your Score History
You have not taken this quiz